000 00430nam a2200157Ia 4500
003 GCL
008 140319s9999 xx 000 0 ara d
040 _aGCL /
_cGCL
082 0 4 _aد
_b050
100 1 _aمحمد محمد فياض
245 1 0 _aجابر بن حيان و خلفاؤه (اقرا 91) /
_cمحمد محمد فياض
300 _a124
490 _aاقرأ
_v0
650 0 4 _aجابر بن حيان
942 _2ddc
_cBK
999 _c48670
_d48670